Tallest Nations Quiz Stats

 Plays Quiz not verified by Sporcle

Score 0/20 Timer 03:00
0 Plays Today
% Correct
Netherlands
86.8%
Netherlands
86.8%
Denmark
82.2%
Denmark
82.2%
Belgium
77.5%
Latvia
75.2%
Latvia
75.2%
Estonia
72.1%
Estonia
72.1%
Lithuania
71.3%
% Correct
Iceland
69.4%
Serbia
68.2%
Czech Republic
68.2%
Czech Republic
68.2%
Serbia
68.2%
Croatia
67.1%
Ukraine
65.9%
Slovakia
65.1%
Belarus
62.4%
Bosnia & Herzegovina
54.3%

You're not logged in!

Compare scores with friends on all Sporcle quizzes.
OR
Log In

Sporcle TV

Today on Sporcle TV


Watch our educational content, quiz creation guides, and fun videos on Sporcle TV.

Show Comments

Extras

Top Quizzes Today


Score Distribution

Your Account Isn't Verified!

In order to create a playlist on Sporcle, you need to verify the email address you used during registration. Go to your Sporcle Settings to finish the process.

Report this User

Report this user for behavior that violates our Community Guidelines.

Details: